[Event "Druga liga CS - Istok 2018"]
[Site "Nis"]
[Date "2018.09.08"]
[Round "3.4"]
[White "Terzic, Goran"]
[Black "Stanojevic, Ilija **"]
[Result "1-0"]
[WhiteElo "2226"]
[BlackElo "2139"]
[Annotator "AB"]
[PlyCount "85"]
[EventDate "2018.09.07"]
[WhiteTeam "KURSUMLIJA - Kursumlija"]
[BlackTeam "CAST I SLAVA - Pirot"]

1. e4 e6 2. Qe2 c5 3. g3 Nc6 4. Bg2 g6 5. f4 d6 6. Nf3 Bg7 7. c3 Nge7 8. O-O
O-O 9. Rd1 d5 10. d3 b5 11. Be3 d4 12. Bf2 Bb7 13. e5 Nd5 14. cxd4 Nxd4 15.
Nxd4 cxd4 16. Na3 Rb8 17. Nc2 Ne3 18. Nxe3 dxe3 19. Bxe3 Bxg2 20. Qxg2 Qd7 21.
Bc5 Rfd8 22. d4 Rbc8 23. b4 Bf8 24. Qf3 Qc7 25. Rac1 Rd5 26. Kg2 Qd7 27. g4 a6
28. f5 Rd8 29. Bb6 Rc8 30. fxe6 fxe6 31. Rf1 Bxb4 32. Rxc8+ Qxc8 33. Qf7+ Kh8
34. Rf6 Qc2+ 35. Kh3 Qc3+ 36. Kh4 Qe1+ 37. Rf2 Qe3 38. Qf6+ Kg8 39. Qxe6+ Kh8
40. Qf6+ Kg8 41. Rf3 Qe4 42. Kh3 a5 43. g5 1-0

[Event "Druga liga CS - Istok 2018"]
[Site "Nis"]
[Date "2018.09.08"]
[Round "3.4"]
[White "Tonic, Milos"]
[Black "Markovic, Marko"]
[Result "1/2-1/2"]
[WhiteElo "2137"]
[BlackElo "2204"]
[Annotator "AB"]
[PlyCount "39"]
[EventDate "2018.09.07"]
[WhiteTeam "CAST I SLAVA - Pirot"]
[BlackTeam "KURSUMLIJA - Kursumlija"]

1. Nf3 d5 2. d4 Nf6 3. c4 dxc4 4. Nc3 c5 5. e3 e6 6. Bxc4 a6 7. a4 Nc6 8. O-O
Be7 9. dxc5 O-O 10. Qe2 Bxc5 11. Rd1 Qe7 12. h3 e5 13. e4 Nd4 14. Nxd4 exd4 15.
Nd5 Nxd5 16. Bxd5 Be6 17. Bxe6 Qxe6 18. Bf4 Rfe8 19. Re1 Qb3 20. Qd1 1/2-1/2

[Event "Druga liga CS - Istok 2018"]
[Site "Nis"]
[Date "2018.09.08"]
[Round "3.4"]
[White "Miljkovic, Mihajlo"]
[Black "Petrov, Georgi"]
[Result "1-0"]
[WhiteElo "2255"]
[BlackElo "2174"]
[Annotator "AB"]
[PlyCount "67"]
[EventDate "2018.09.07"]
[WhiteTeam "KURSUMLIJA - Kursumlija"]
[BlackTeam "CAST I SLAVA - Pirot"]

1. d4 d5 2. c4 e6 3. Nc3 Be7 4. Nf3 c6 5. Bf4 Nf6 6. e3 O-O 7. c5 Qa5 8. a3 Ne4
9. b4 Nxc3 10. Qc2 Qa4 11. Qxc3 a5 12. Rb1 axb4 13. axb4 Nd7 14. Bd3 Qa3 15.
Qc2 h6 16. O-O Bf6 17. Rb3 Qa4 18. Rfb1 b5 19. Qc3 Bb7 20. Bc2 Be7 21. R3b2 Qa7
22. Bg3 Ba6 23. Ra2 Qb7 24. Qb3 f5 25. h3 Ra7 26. Rba1 Kh7 27. Kh1 Nf6 28. Ne5
Ne4 29. Bxe4 fxe4 30. f3 exf3 31. Qd3+ Kg8 32. Qg6 fxg2+ 33. Rxg2 Bf6 34. Ng4
1-0

[Event "Druga liga CS - Istok 2018"]
[Site "Nis"]
[Date "2018.09.08"]
[Round "3.4"]
[White "Stojiljkovic, Stefan **"]
[Black "Dimitrijevic, Dusan"]
[Result "1/2-1/2"]
[WhiteElo "2146"]
[BlackElo "2065"]
[Annotator "AB"]
[PlyCount "102"]
[EventDate "2018.09.07"]
[WhiteTeam "KURSUMLIJA - Kursumlija"]
[BlackTeam "CAST I SLAVA - Pirot"]

1. e4 c5 2. Nf3 g6 3. c3 Bg7 4. d4 cxd4 5. cxd4 d5 6. exd5 Nf6 7. Bb5+ Bd7 8.
Bc4 O-O 9. O-O Bg4 10. h3 Bxf3 11. Qxf3 Qd6 12. Re1 Na6 13. b3 Nb4 14. Ba3 b5
15. Bxb5 Nfxd5 16. Nc3 Nxc3 17. Qxc3 a5 18. Rad1 Nxa2 19. Bxd6 Nxc3 20. Bxe7
Rfc8 21. Ba4 Nxd1 22. Rxd1 Ra7 23. Bc5 Rb7 24. g3 f5 25. Kf1 Kf7 26. Ke2 Ke6
27. Kd3 Kd5 28. b4 Rxb4 29. Bxb4 axb4 30. Bb3+ Kd6 31. Bc4 Rb8 32. Rb1 g5 33.
g4 fxg4 34. hxg4 h6 35. Rb3 Kc6 36. Be6 Bf8 37. Kc4 Bd6 38. Rh3 b3 39. Rxb3
Rxb3 40. Kxb3 Bh2 41. Kc4 Bg1 42. f3 Kd6 43. Bc8 Be3 44. Kd3 Bc1 45. Ke4 Bb2
46. d5 Bc3 47. Be6 Ke7 48. Kf5 Bb4 49. Kg6 Bd6 50. Kxh6 Kf6 51. Bg8 Bf4 1/2-1/2

[Event "Druga liga CS - Istok 2018"]
[Site "Nis"]
[Date "2018.09.08"]
[Round "3.4"]
[White "Najdanovic, Veljko **"]
[Black "Marjanovic, Miroslav"]
[Result "0-1"]
[WhiteElo "1719"]
[BlackElo "2106"]
[Annotator "AB"]
[PlyCount "65"]
[EventDate "2018.09.07"]
[WhiteTeam "CAST I SLAVA - Pirot"]
[BlackTeam "KURSUMLIJA - Kursumlija"]

1. d4 Nf6 2. Bf4 d6 3. e3 g6 4. Nf3 Bg7 5. h3 O-O 6. Be2 Nbd7 7. O-O Re8 8. Bh2
b6 9. Nbd2 Bb7 10. c3 c5 11. Qc2 Rc8 12. Rfe1 Qc7 13. Rad1 Qb8 14. e4 cxd4 15.
Nxd4 a6 16. f3 b5 17. a3 Qa7 18. Kh1 Qxd4 19. Bg1 Qa4 20. Nb3 Nh5 21. Bh2 Nc5
22. Nd4 Bxd4 23. Qxa4 Nxa4 24. Rxd4 Ng7 25. Rd2 Ne6 26. Red1 Nb6 27. Bg1 Nc4
28. Bxc4 bxc4 29. Be3 Bc6 30. Kg1 Rb8 31. Kf2 Rb3 32. Ke2 Reb8 33. Rb1 0-1

[Event "Druga liga CS - Istok 2018"]
[Site "Nis"]
[Date "2018.09.08"]
[Round "3.4"]
[White "Blazic, Ivica"]
[Black "Djelic, Jovan **"]
[Result "1-0"]
[WhiteElo "2036"]
[BlackElo "1448"]
[Annotator "AB"]
[PlyCount "45"]
[EventDate "2018.09.07"]
[WhiteTeam "KURSUMLIJA - Kursumlija"]
[BlackTeam "CAST I SLAVA - Pirot"]

1. e4 g6 2. d4 Bg7 3. f4 d6 4. Nf3 Bg4 5. c3 Nd7 6. b3 Bxf3 7. Qxf3 e5 8. Be3
Ne7 9. Bd3 c6 10. fxe5 dxe5 11. O-O O-O 12. Bc4 Qe8 13. Nd2 exd4 14. cxd4 Nf6
15. Rf2 h6 16. Raf1 Rd8 17. Qe2 Nc8 18. Rxf6 Bxf6 19. Rxf6 Kg7 20. e5 Nb6 21.
Qf2 Qe7 22. Qh4 Kh8 23. Qxh6+ 1-0

[Event "Druga liga CS - Istok 2018"]
[Site "Nis"]
[Date "2018.09.08"]
[Round "3.5"]
[White "Rihterovic, Milan"]
[Black "Lazov, Toni **"]
[Result "1/2-1/2"]
[WhiteElo "2263"]
[BlackElo "2292"]
[Annotator "AB"]
[PlyCount "83"]
[EventDate "2018.09.07"]
[WhiteTeam "SVITANJA - Nis"]
[BlackTeam "RADNIK - Surdulica"]

1. d4 Nf6 2. Nf3 g6 3. Bg5 Bg7 4. Nbd2 O-O 5. e3 d6 6. Bd3 c5 7. O-O Nc6 8. c3
Qc7 9. Qe2 h6 10. Bh4 e5 11. dxe5 dxe5 12. Bxf6 Bxf6 13. e4 Bg7 14. Bc4 Kh8 15.
Rfd1 f5 16. h3 f4 17. a3 Ne7 18. Nf1 Bd7 19. N1h2 Rad8 20. Ng4 h5 21. Ngh2 Bf6
22. Bd5 Nxd5 23. Rxd5 c4 24. Rad1 Be6 25. Rxd8 Rxd8 26. Nf1 b5 27. Rd2 Kg7 28.
Ne1 Rxd2 29. Qxd2 g5 30. Nh2 Qd7 31. Qxd7+ Bxd7 32. Nf1 Be7 33. Nd2 Be6 34. Kf1
g4 35. hxg4 hxg4 36. Ke2 a5 37. Nc2 Kf6 38. Nf1 Kg5 39. g3 Bc5 40. Nd2 Bf7 41.
Nf1 Bg6 42. Nd2 1/2-1/2

[Event "Druga liga CS - Istok 2018"]
[Site "Nis"]
[Date "2018.09.08"]
[Round "3.5"]
[White "Banjovic, Sasa"]
[Black "Milosevic, Slavisa"]
[Result "1-0"]
[WhiteElo "2143"]
[BlackElo "2237"]
[Annotator "AB"]
[PlyCount "88"]
[EventDate "2018.09.07"]
[WhiteTeam "RADNIK - Surdulica"]
[BlackTeam "SVITANJA - Nis"]

1. d4 d6 2. c4 f5 3. b3 Nf6 4. Bb2 g6 5. g3 Bg7 6. Bg2 O-O 7. Nf3 Qe8 8. Nbd2
c6 9. O-O h6 10. Qc2 Na6 11. a3 Nc7 12. Rfe1 Qf7 13. Rad1 g5 14. Rf1 Ne6 15.
Qxf5 Nxd4 16. Qd3 Ne6 17. b4 a5 18. Ra1 Nc7 19. Bc3 axb4 20. axb4 Bd7 21. e4
Rxa1 22. Bxa1 Ra8 23. e5 Nfe8 24. Ne4 Be6 25. Nfd2 dxe5 26. Bb2 Ra4 27. Bc3 Ra3
28. Ra1 Rxa1+ 29. Bxa1 Bf5 30. Qd8 Kh7 31. Bc3 b6 32. Qb8 b5 33. Qb6 bxc4 34.
Qxc6 Qe6 35. Qxc4 Qxc4 36. Nxc4 Nd5 37. b5 Nec7 38. b6 Na6 39. Nxg5+ hxg5 40.
Bxd5 e6 41. Bb7 Nb8 42. Bxe5 Bxe5 43. Nxe5 Kg7 44. Bc8 Be4 1-0

[Event "Druga liga CS - Istok 2018"]
[Site "Nis"]
[Date "2018.09.08"]
[Round "3.5"]
[White "Grkovic, Vladan"]
[Black "Spasic, Petar **"]
[Result "1/2-1/2"]
[WhiteElo "2236"]
[BlackElo "2083"]
[Annotator "AB"]
[PlyCount "51"]
[EventDate "2018.09.07"]
[WhiteTeam "SVITANJA - Nis"]
[BlackTeam "RADNIK - Surdulica"]

1. d4 c5 2. d5 e6 3. c4 exd5 4. cxd5 d6 5. Nc3 g6 6. g3 Bg7 7. Bg2 Nf6 8. Nf3
O-O 9. O-O Re8 10. Nd2 a6 11. a4 Nbd7 12. h3 Rb8 13. Nc4 Ne5 14. Na3 b5 15.
axb5 axb5 16. Naxb5 Qb6 17. Re1 Ba6 18. Rxa6 Qxa6 19. Nc7 Qa5 20. Nxe8 Nxe8 21.
Qc2 Nc4 22. e4 Qa1 23. Qa4 Qxa4 24. Nxa4 Rb4 25. Bf1 Nxb2 26. Nxb2 1/2-1/2

[Event "Druga liga CS - Istok 2018"]
[Site "Nis"]
[Date "2018.09.08"]
[Round "3.5"]
[White "Dimitrijevic, Zoran"]
[Black "Djordjevic, Danilo"]
[Result "1/2-1/2"]
[WhiteElo "2129"]
[BlackElo "2082"]
[Annotator "AB"]
[PlyCount "60"]
[EventDate "2018.09.07"]
[WhiteTeam "RADNIK - Surdulica"]
[BlackTeam "SVITANJA - Nis"]

1. d4 Nf6 2. Nf3 e6 3. g3 b6 4. Bg2 Bb7 5. O-O d6 6. c4 Nbd7 7. Nc3 Be7 8. Re1
O-O 9. e4 e5 10. Bg5 h6 11. Bxf6 Bxf6 12. dxe5 dxe5 13. Qc2 c6 14. Rad1 Qe7 15.
Rd2 Rfd8 16. Red1 Nc5 17. b4 Ne6 18. a3 Rxd2 19. Rxd2 Rd8 20. Qd1 Rxd2 21. Qxd2
Qd8 22. Qxd8+ Nxd8 23. Bh3 Kf8 24. Kf1 Ke7 25. Ke2 Ne6 26. Kd3 Bc8 27. Bf1 Kd6
28. Nd1 g6 29. Ne3 Nc7 30. Nd2 c5 1/2-1/2

[Event "Druga liga CS - Istok 2018"]
[Site "Nis"]
[Date "2018.09.08"]
[Round "3.5"]
[White "Djukic, Nebojsa"]
[Black "Djordjevic, Miroslav"]
[Result "1/2-1/2"]
[WhiteElo "2173"]
[BlackElo "1975"]
[Annotator "AB"]
[PlyCount "29"]
[EventDate "2018.09.07"]
[WhiteTeam "SVITANJA - Nis"]
[BlackTeam "RADNIK - Surdulica"]

1. e4 c6 2. d4 d5 3. exd5 cxd5 4. Bd3 Nf6 5. c3 Nc6 6. Bf4 Bg4 7. Nf3 e6 8.
Nbd2 Bd6 9. Bxd6 Qxd6 10. O-O O-O 11. Qe1 Bxf3 12. Nxf3 Nd7 13. Ng5 h6 14. Nh3
e5 15. dxe5 1/2-1/2

[Event "Druga liga CS - Istok 2018"]
[Site "Nis"]
[Date "2018.09.08"]
[Round "3.5"]
[White "Bulatovic, Nikola"]
[Black "Ristic, Boban"]
[Result "1/2-1/2"]
[WhiteElo "2047"]
[BlackElo "2019"]
[Annotator "AB"]
[PlyCount "151"]
[EventDate "2018.09.07"]
[WhiteTeam "RADNIK - Surdulica"]
[BlackTeam "SVITANJA - Nis"]

1. e4 d6 2. d4 Nf6 3. Nc3 c6 4. Bg5 Nbd7 5. Qd2 Qa5 6. f4 e5 7. Nf3 Be7 8.
O-O-O O-O 9. Kb1 Qc7 10. fxe5 dxe5 11. dxe5 Nxe5 12. Qf4 Nfg4 13. h3 Bxg5 14.
Nxg5 Nf6 15. Nf3 Re8 16. g4 Qe7 17. Nxe5 Qxe5 18. Qxe5 Rxe5 19. g5 Ne8 20. h4
Bg4 21. Rd2 Nc7 22. Bh3 Bxh3 23. Rxh3 Rae8 24. a4 g6 25. b4 Na6 26. Rd7 R8e7
27. Rxe7 Rxe7 28. b5 Nc5 29. bxc6 bxc6 30. Kb2 Kf8 31. Re3 Re5 32. Rf3 Ke7 33.
Kc1 a5 34. Rf4 Re6 35. Kd2 f6 36. Ke3 fxg5 37. hxg5 Re5 38. Rh4 Rxg5 39. Rxh7+
Kd6 40. Rh8 Ne6 41. Ne2 Rh5 42. Rxh5 gxh5 43. Ng3 h4 44. Nf5+ Kc5 45. Nxh4 Kb4
46. Nf3 Kxa4 47. Nd4 Nd8 48. Kd3 c5 49. Ne2 Kb4 50. Nc1 Ne6 51. e5 c4+ 52. Kd2
a4 53. Na2+ Kc5 54. Kc3 a3 55. Nb4 Nc7 56. Na2 Nb5+ 57. Kd2 Kd5 58. c3 Kxe5 59.
Nb4 Kd6 60. Kc2 Kc5 61. Na2 Kb6 62. Nb4 Ka5 63. Na2 Ka4 64. Nc1 Nd6 65. Na2 Nf5
66. Nc1 Ng3 67. Na2 Ne2 68. Nb4 Nf4 69. Nc6 Nd3 70. Kb1 Kb3 71. Na5+ Kxc3 72.
Ka2 Kb4 73. Nxc4 Nc1+ 74. Kb1 a2+ 75. Kb2 Kxc4 76. Ka1 1/2-1/2

[Event "Druga liga CS - Istok 2018"]
[Site "Nis"]
[Date "2018.09.08"]
[Round "3.5"]
[White "Simic, Anja **"]
[Black "Milic, Slobodan"]
[Result "1/2-1/2"]
[WhiteElo "1813"]
[BlackElo "1927"]
[Annotator "AB"]
[PlyCount "48"]
[EventDate "2018.09.07"]
[WhiteTeam "SVITANJA - Nis"]
[BlackTeam "RADNIK - Surdulica"]

1. d4 Nf6 2. c4 e6 3. Nc3 Bb4 4. Qc2 d5 5. cxd5 exd5 6. Bg5 c6 7. e3 O-O 8. Bd3
h6 9. Bh4 Nbd7 10. Nge2 Re8 11. O-O Be7 12. Rab1 Ne4 13. Bxe7 Qxe7 14. b4 a6
15. a4 Ndf6 16. b5 axb5 17. axb5 Bd7 18. bxc6 bxc6 19. Bxe4 Nxe4 20. Nxe4 dxe4
21. Rbc1 Ra5 22. Ra1 Rh5 23. Nf4 Rb5 24. Rab1 Reb8 1/2-1/2

[Event "Druga liga CS - Istok 2018"]
[Site "Nis"]
[Date "2018.09.08"]
[Round "3.6"]
[White "Livaja, Mario"]
[Black "Vlahovic, Bogdan"]
[Result "1/2-1/2"]
[WhiteElo "2279"]
[BlackElo "2308"]
[Annotator "AB"]
[PlyCount "92"]
[EventDate "2018.09.07"]
[WhiteTeam "NAIS - Nis"]
[BlackTeam "GLUBOCICA - Leskovac"]

1. d4 Nf6 2. Bg5 g6 3. Bxf6 exf6 4. c4 f5 5. Nc3 Bg7 6. e3 d6 7. g3 Nd7 8. Bg2
O-O 9. Nge2 c6 10. O-O Nf6 11. b4 Be6 12. Qd3 d5 13. Nf4 dxc4 14. Nxe6 cxd3 15.
Nxd8 Rfxd8 16. Rfd1 Bf8 17. Rab1 Rac8 18. Rxd3 b6 19. Rdd1 Ne8 20. Rdc1 c5 21.
bxc5 bxc5 22. Nb5 cxd4 23. Nxd4 Kg7 24. Bc6 Nd6 25. a4 Be7 26. Bf3 Rxc1+ 27.
Rxc1 Rd7 28. Rc6 Ne8 29. Nb5 Nd6 30. Nc3 Ne8 31. Nd5 Bd8 32. Rc8 Nf6 33. Nb4
Ne4 34. Nc6 Bb6 35. a5 Bc5 36. Ne5 Rd5 37. Nc6 Rd7 38. h4 Nd6 39. Ra8 Ne4 40.
Rb8 Rc7 41. Nd8 Be7 42. Nb7 Nc3 43. Nd8 Ne4 44. Ra8 Bc5 45. Rb8 Be7 46. Nb7 Nc5
1/2-1/2

[Event "Druga liga CS - Istok 2018"]
[Site "Nis"]
[Date "2018.09.08"]
[Round "3.6"]
[White "Zivkovic, Nemanja"]
[Black "Zivkovic, Marko"]
[Result "0-1"]
[WhiteElo "2293"]
[BlackElo "2275"]
[Annotator "AB"]
[PlyCount "79"]
[EventDate "2018.09.07"]
[WhiteTeam "GLUBOCICA - Leskovac"]
[BlackTeam "NAIS - Nis"]

1. e4 c6 2. d4 d5 3. e5 Bf5 4. Nf3 e6 5. Be2 Nd7 6. Nbd2 Ne7 7. Nh4 c5 8. c3
Bg6 9. Nxg6 hxg6 10. Nf3 Nf5 11. O-O cxd4 12. cxd4 Be7 13. g3 Qb6 14. Kg2 Nb8
15. Bd3 Nc6 16. Bxf5 gxf5 17. Be3 O-O-O 18. Qd2 Kb8 19. Rfd1 Na5 20. b3 Rc8 21.
Bg5 Ba3 22. Rab1 Rc7 23. b4 Nc4 24. Qe1 Nb2 25. Rd2 Na4 26. Qe3 Bc1 27. Rxc1
Rxc1 28. Be7 Qb5 29. Rd3 Rhc8 30. Bc5 Nxc5 31. dxc5 Rc4 32. a3 Re4 33. Qd2 Qc4
34. Ng5 Re1 35. Nxf7 Qe4+ 36. Rf3 Qb1 37. Rd3 f4 38. Ng5 Rg1+ 39. Kf3 fxg3 40.
hxg3 {unreadable moves} 0-1

[Event "Druga liga CS - Istok 2018"]
[Site "Nis"]
[Date "2018.09.08"]
[Round "3.6"]
[White "Dimitrijevic, Srdjan"]
[Black "Bakic, Dragan"]
[Result "1-0"]
[WhiteElo "2279"]
[BlackElo "2163"]
[Annotator "AB"]
[PlyCount "87"]
[EventDate "2018.09.07"]
[WhiteTeam "GLUBOCICA - Leskovac"]
[BlackTeam "NAIS - Nis"]

1. d4 Nf6 2. c4 c5 3. d5 b5 4. Nf3 e6 5. dxe6 fxe6 6. cxb5 d5 7. Nc3 Bb7 8. e4
d4 9. e5 Nfd7 10. Nb1 Qc7 11. Bf4 Be7 12. Nbd2 O-O 13. Bg3 a6 14. bxa6 Nxa6 15.
Bc4 Qb6 16. O-O Nc7 17. Qc2 Rfb8 18. Bd3 Nf8 19. Nc4 Qa7 20. Nfd2 Nd5 21. a3
Bc6 22. Qd1 Be8 23. Qg4 Bg6 24. Bxg6 hxg6 25. Bh4 Qa6 26. Rac1 Qc6 27. Rfe1 Ra7
28. Re4 Rab7 29. Na5 Qa6 30. Nxb7 Rxb7 31. Bxe7 Nxe7 32. Nc4 Nd5 33. h4 Rf7 34.
Nd6 Nf6 35. exf6 Qxd6 36. fxg7 Kxg7 37. b4 e5 38. Rxc5 Nd7 39. h5 Nxc5 40. bxc5
Qxc5 41. Qxg6+ Kf8 42. Re1 d3 43. Qh6+ Ke7 44. Qe3 1-0

[Event "Druga liga CS - Istok 2018"]
[Site "Nis"]
[Date "2018.09.08"]
[Round "3.6"]
[White "Zivic, Dragan"]
[Black "Stankovic, Ivan G"]
[Result "1-0"]
[WhiteElo "2175"]
[BlackElo "2257"]
[Annotator "AB"]
[PlyCount "65"]
[EventDate "2018.09.07"]
[WhiteTeam "NAIS - Nis"]
[BlackTeam "GLUBOCICA - Leskovac"]

1. e4 c5 2. Nc3 Nc6 3. g3 g6 4. Bg2 Bg7 5. d3 d6 6. Be3 Nf6 7. h3 Rb8 8. Qd2 b5
9. Bh6 O-O 10. Bxg7 Kxg7 11. f4 Nd4 12. Nf3 b4 13. Nd1 Qa5 14. a3 e5 15. O-O
Rb5 16. a4 b3 17. c3 Nc2 18. Ne3 Nxa1 19. fxe5 Nxe4 20. dxe4 Qxa4 21. exd6 Nc2
22. Nd5 Bb7 23. Nf6 Kxf6 24. Qh6 Ne3 25. e5+ Ke6 26. Qxf8 Bxf3 27. Qe7+ Kd5 28.
Bxf3+ Kc4 29. Be2+ Kd5 30. Qxf7+ Kc6 31. Bf3+ Kb6 32. Qb7+ Ka5 33. Qxa7# 1-0

[Event "Druga liga CS - Istok 2018"]
[Site "Nis"]
[Date "2018.09.08"]
[Round "3.6"]
[White "Komnenic, Branko"]
[Black "Djordjevic, Dejan N"]
[Result "1/2-1/2"]
[WhiteElo "2228"]
[BlackElo "2182"]
[Annotator "AB"]
[PlyCount "59"]
[EventDate "2018.09.07"]
[WhiteTeam "GLUBOCICA - Leskovac"]
[BlackTeam "NAIS - Nis"]

1. d4 Nf6 2. c4 d6 3. Nf3 g6 4. Nc3 Bg7 5. e4 O-O 6. Be2 Nc6 7. d5 Nb8 8. O-O
c5 9. h3 Na6 10. Bf4 Nc7 11. Re1 Nd7 12. Qd2 a6 13. a4 b6 14. Bf1 Ne5 15. Nxe5
dxe5 16. Be3 a5 17. g3 Ne8 18. Bg2 Nd6 19. b3 Bd7 20. Kh2 Qc7 21. Rad1 Rad8 22.
f3 f5 23. exf5 Nxf5 24. Ne4 Bc8 25. Qc2 h6 26. Nf2 e6 27. dxe6 Bxe6 28. Rxd8
Rxd8 29. f4 Bf7 30. Ng4 1/2-1/2

[Event "Druga liga CS - Istok 2018"]
[Site "Nis"]
[Date "2018.09.08"]
[Round "3.6"]
[White "Lazarevic, Slobodan"]
[Black "Krstic, Ranko"]
[Result "1/2-1/2"]
[WhiteElo "2240"]
[BlackElo "2176"]
[Annotator "AB"]
[PlyCount "86"]
[EventDate "2018.09.07"]
[WhiteTeam "NAIS - Nis"]
[BlackTeam "GLUBOCICA - Leskovac"]

1. e4 c5 2. d3 Nc6 3. g3 d5 4. Nd2 Nf6 5. Bg2 e6 6. Ngf3 Be7 7. O-O O-O 8. Re1
b6 9. e5 Ne8 10. Nf1 Bb7 11. h4 Nc7 12. c3 b5 13. N1h2 Rb8 14. Ng4 d4 15. c4 a6
16. b3 Kh8 17. Bf4 Qd7 18. Ng5 Bxg5 19. Bxg5 Ne8 20. cxb5 axb5 21. Qc1 c4 22.
dxc4 bxc4 23. Qxc4 h6 24. Qc5 Rg8 25. Bf4 Ne7 26. Qa7 Nc7 27. Bxb7 Nb5 28. Qa5
Qxb7 29. Qd2 Nf5 30. Nh2 Rbd8 31. g4 Nxh4 32. Bg5 Nf3+ 33. Nxf3 Qxf3 34. Bxd8
Qxg4+ 35. Kh2 Rxd8 36. Qd3 Nc3 37. Rac1 Rd5 38. Rxc3 dxc3 39. Qxc3 Qh4+ 40. Kg2
Rd4 41. Re3 Qg4+ 42. Rg3 Qh4 43. Qc8+ Rd8 1/2-1/2

[Event "Druga liga CS - Istok 2018"]
[Site "Nis"]
[Date "2018.09.08"]
[Round "3.6"]
[White "Micovic, Nikola **"]
[Black "Petrovic, Dusan **"]
[Result "0-1"]
[WhiteElo "1868"]
[BlackElo "1812"]
[Annotator "AB"]
[PlyCount "70"]
[EventDate "2018.09.07"]
[WhiteTeam "GLUBOCICA - Leskovac"]
[BlackTeam "NAIS - Nis"]

1. c4 c6 2. Nc3 d5 3. cxd5 cxd5 4. d4 Nf6 5. Nf3 Nc6 6. e3 a6 7. Be2 Bf5 8. O-O
e6 9. a3 Be7 10. Bd2 O-O 11. Rc1 Ne4 12. Be1 Nxc3 13. Rxc3 Rc8 14. Qc1 Na7 15.
h3 Rxc3 16. Bxc3 Qb6 17. Qd2 Rc8 18. Rc1 h6 19. Kh2 Qc7+ 20. g3 b5 21. b4 Bd6
22. Ne1 a5 23. Bb2 Qd8 24. Rxc8 Qxc8 25. bxa5 Qd8 26. Ng2 Qe7 27. Qc1 Bc7 28.
Bc3 Bd6 29. Bb2 Bc7 30. Bc3 Bd6 31. Bb4 Bxb4 32. axb4 Qxb4 33. Qc7 Qd2 34. Bg4
Be4 35. Kg1 h5 0-1

[Event "Druga liga CS - Istok 2018 grupa sever"]
[Site ""]
[Date "2018.09.08"]
[Round "3.11"]
[White "Garic, Radomir"]
[Black "Jovic, Stanoje"]
[Result "1-0"]
[WhiteElo "2304"]
[BlackElo "2273"]
[PlyCount "0"]
[WhiteTeam "MAJDANPEK - Majdanpek"]
[BlackTeam "RADNICKI - Cuprija"]
[EventDate "2018.09.07"]

1.e4 c6 2.d4 d5 3.Nc3 dxe4 4.Nxe4 Nf6 5.Nxf6+ exf6 6.c3 Bd6 7.Bd3
O-O 8.Qc2 Kh8 9.Be3 Qc7 10.Ne2 c5 11.h4 h5 12.O-O-O c4 13.Bf5
g6 14.Bxc8 Rxc8 15.g4 Qa5 16.d5 Nd7 17.gxh5 Ne5 18.hxg6 Qxa2
19.g7+ Kg8 20.Nd4 Nd3+ 21.Kd2 Qa5 22.h5 Qxd5 23.h6 f5 24.h7+
Kxg7 25.h8Q+ Rxh8 26.Rdg1+ Kf8 27.Rxh8+ Ke7 28.Bg5+ f6 29.Rh7+
Ke8 30.Qa4+ b5 31.Qxb5+ 1-0

[Event "Druga liga CS - Istok 2018 grupa sever"]
[Site ""]
[Date "2018.09.08"]
[Round "3.12"]
[White "Milenkovic, Ivan"]
[Black "Organdziev, Oliver"]
[Result "1/2-1/2"]
[WhiteElo "2255"]
[BlackElo "2243"]
[PlyCount "0"]
[WhiteTeam "RADNICKI - Cuprija"]
[BlackTeam "MAJDANPEK - Majdanpek"]
[EventDate "2018.09.07"]

1.d4 d5 2.c4 Bf5 3.cxd5 Bxb1 4.Rxb1 Qxd5 5.Nf3 Nc6 6.e3 O-O-O
7.Be2 e5 8.O-O exd4 9.exd4 Nxd4 10.Nxd4 Qxd4 11.Qb3 Qb6 12.Qxf7
Nh6 13.Qc4 Bc5 1/2-1/2

[Event "Druga liga CS - Istok 2018 grupa sever"]
[Site ""]
[Date "2018.09.08"]
[Round "3.13"]
[White "Ugrenovic, Bozidar"]
[Black "Gajovic, Dragan"]
[Result "1/2-1/2"]
[WhiteElo "2228"]
[BlackElo "2140"]
[PlyCount "0"]
[WhiteTeam "MAJDANPEK - Majdanpek"]
[BlackTeam "RADNICKI - Cuprija"]
[EventDate "2018.09.07"]

1.Nf3 c5 2.c4 Nf6 3.Nc3 Nc6 4.d4 cxd4 5.Nxd4 g6 6.e4 Bg7 7.Be3
Qa5 8.Nb3 Qd8 9.Be2 d6 10.O-O Be6 11.f3 O-O 12.Qd2 Rc8 13.Nd5
Re8 14.Rac1 Qd7 15.Rfd1 b6 16.Bf1 Qb7 17.Rc2 Nd7 18.Nf4 Nc5 19.Nc1
a5 20.Nxe6 Nxe6 21.Qf2 Rb8 22.Rcd2 Rec8 23.Ne2 Ne5 24.b3 Nc5
25.Nd4 a4 26.Rb1 axb3 27.axb3 Ra8 28.Nb5 Ra6 29.b4 Ncd7 30.Rc2
Rca8 31.h3 Ra1 32.Rxa1 Rxa1 33.Ra2 Nd3 34.Qd2 Rxa2 35.Qxa2 Nxb4
36.Qa7 Qxa7 37.Nxa7 Nc2 38.Bd2 Bd4+ 39.Kh2 Bc5 40.Nc6 Kf8 41.Bd3
Nd4 42.Nxd4 Bxd4 43.Kg3 f6 44.f4 e5 45.Bc2 Nc5 46.Bb4 exf4+ 47.Kxf4
Be5+ 48.Kf3 Ne6 49.Ba4 Ke7 50.Bd2 Nc5 51.Bc6 Nb3 52.Be3 Bd4 53.Bh6
g5 54.Bd5 Be5 55.g3 Nd4+ 56.Kf2 Ne6 57.Kf3 Nf8 58.Bxf8+ Kxf8
59.g4 Ke7 1/2-1/2

[Event "Druga liga CS - Istok 2018 grupa sever"]
[Site ""]
[Date "2018.09.08"]
[Round "3.14"]
[White "Golubovic, Marko"]
[Black "Milunovic, Toni"]
[Result "0-1"]
[WhiteElo "1994"]
[BlackElo "2174"]
[PlyCount "0"]
[WhiteTeam "RADNICKI - Cuprija"]
[BlackTeam "MAJDANPEK - Majdanpek"]
[EventDate "2018.09.07"]

1.e4 e6 2.d4 d5 3.Nc3 Bb4 4.e5 Qd7 5.a3 Bxc3+ 6.bxc3 b6 7.Nf3
Ba6 8.Bxa6 Nxa6 9.O-O Nb8 10.Ng5 h6 11.Nh3 Ne7 12.Nf4 g6 13.a4
Nbc6 14.Qf3 Na5 15.Nd3 Nc4 16.Nb2 Nxb2 17.Bxb2 Nc6 18.Qf6 Rh7
19.c4 dxc4 20.Rad1 Ne7 21.d5 Nxd5 22.Qf3 O-O-O 23.a5 Qc6 24.axb6
axb6 25.Ra1 c3 26.Bc1 Kb7 27.Be3 Qc4 28.Rab1 Ra8 29.Rb3 Ra4 30.Bc1
Ra2 31.Be3 Rxc2 32.Rfb1 Qc6 33.Bd4 Rd2 34.Bxc3 Nxc3 35.Qxc6+
Kxc6 36.Rxc3+ Kb7 37.Ra1 Rh8 38.Rca3 Rc8 39.Ra7+ Kc6 40.Rc1+
Kd7 41.Kf1 g5 42.g3 Rd5 43.Re1 Ra5 0-1

[Event "Druga liga CS - Istok 2018 grupa sever"]
[Site ""]
[Date "2018.09.08"]
[Round "3.15"]
[White "Simic, Petar S"]
[Black "Mijajlovic, Jovan"]
[Result "1-0"]
[WhiteElo "2031"]
[BlackElo "1959"]
[PlyCount "0"]
[WhiteTeam "MAJDANPEK - Majdanpek"]
[BlackTeam "RADNICKI - Cuprija"]
[EventDate "2018.09.07"]

1.Nf3 e6 2.d4 Nf6 3.g3 c5 4.c4 cxd4 5.Nxd4 a6 6.Bg2 Qc7 7.b3
Be7 8.O-O d6 9.Bb2 Ra7 10.Nc3 Bd7 11.Rc1 Qc5 12.e4 h5 13.h3 O-O
14.a4 Nc6 15.Nd5 Bd8 16.Nxc6 Qxc6 17.Nxf6+ gxf6 18.e5 Qc8 19.exf6
e5 20.Qxd6 Qc7 21.Qd1 Bxf6 22.Qxh5 Kg7 23.Bd5 Bc8 24.h4 Rh8 25.Qe2
b6 26.Rfe1 Re8 27.f4 Qc5+ 28.Qf2 Ree7 29.fxe5 Kg8 30.Bd4 Bxe5
31.Bxc5 bxc5 32.Kg2 Bd4 33.Rxe7 Rxe7 34.Qxf7+ Rxf7 35.Rf1 1-0

[Event "Druga liga CS - Istok 2018 grupa sever"]
[Site ""]
[Date "2018.09.08"]
[Round "3.16"]
[White "Manic, Veljko"]
[Black "Delic, Brano"]
[Result "1/2-1/2"]
[WhiteElo "1902"]
[BlackElo "1830"]
[PlyCount "0"]
[WhiteTeam "RADNICKI - Cuprija"]
[BlackTeam "MAJDANPEK - Majdanpek"]
[EventDate "2018.09.07"]

1.e4 d6 2.d4 Nf6 3.Bd3 Nbd7 4.Nf3 e5 5.dxe5 dxe5 6.O-O Bc5 7.Bg5
Qe7 8.Nc3 c6 9.Qe2 O-O 10.Rad1 Re8 11.h3 h6 12.Bh4 Nf8 13.Bc4
b5 14.Bb3 a5 15.a3 Ba6 16.Nb1 Ng6 17.c4 Nf4 18.Qc2 Rab8 19.Rd2
Rec8 20.Rfd1 Rc7 21.Ba2 g5 22.Bg3 N6h5 23.Bxf4 Nxf4 24.Qc3 b4
25.Qb3 Rcb7 26.axb4 Bxb4 27.Nc3 Qf6 28.Ne1 Kh7 29.Nc2 Rg8 30.Rd7
Bc5 31.Rxb7 Nxh3+ 32.gxh3 Qxf2+ 33.Kh1 Qf3+ 34.Kh2 Qf2+ 1/2-1/2